<?xml version="1.0" encoding="UTF-8"?><marc:collection xmlns:marc="http://www.loc.gov/MARC21/slim">
  <marc:record>
    <marc:leader>00000nam##2200000za#4500</marc:leader>
    <marc:controlfield tag="001">9.642055</marc:controlfield>
    <marc:controlfield tag="003">CaOODSP</marc:controlfield>
    <marc:controlfield tag="005">20210624223520</marc:controlfield>
    <marc:controlfield tag="007">cr |||||||||||</marc:controlfield>
    <marc:controlfield tag="008">150407|1998||||xxc|||||o    f|0| 0 fre|d</marc:controlfield>
    <marc:datafield tag="040" ind1=" " ind2=" ">
      <marc:subfield code="a">CaOODSP</marc:subfield>
      <marc:subfield code="b">fre</marc:subfield>
    </marc:datafield>
    <marc:datafield tag="043" ind1=" " ind2=" ">
      <marc:subfield code="a">n-cn---</marc:subfield>
    </marc:datafield>
    <marc:datafield tag="086" ind1="1" ind2=" ">
      <marc:subfield code="a">R2-104/1998F-PDF</marc:subfield>
    </marc:datafield>
    <marc:datafield tag="110" ind1="1" ind2=" ">
      <marc:subfield code="a">Canada.</marc:subfield>
      <marc:subfield code="b">Affaires indiennes et du Nord.</marc:subfield>
    </marc:datafield>
    <marc:datafield tag="245" ind1="1" ind2="0">
      <marc:subfield code="a">[La valeur ajoutée dans l'industrie canadienne du diamant] : </marc:subfield>
      <marc:subfield code="h">[ressource électronique]</marc:subfield>
      <marc:subfield code="b">[rapport du Comité fédéral-territorial de la valeur ajoutée dans l'industrie canadienne du diamant, Territoires du Nord-Ouest] </marc:subfield>
    </marc:datafield>
    <marc:datafield tag="260" ind1=" " ind2=" ">
      <marc:subfield code="a">Ottawa - Ontario : </marc:subfield>
      <marc:subfield code="b">Affaires indiennes et du Nord </marc:subfield>
      <marc:subfield code="c">[Septembre 1998].</marc:subfield>
    </marc:datafield>
    <marc:datafield tag="300" ind1=" " ind2=" ">
      <marc:subfield code="a">189p.</marc:subfield>
      <marc:subfield code="b">figures, glossaire, graphiques, tableaux</marc:subfield>
    </marc:datafield>
    <marc:datafield tag="500" ind1=" " ind2=" ">
      <marc:subfield code="a">«Le Comité a étudié et compilé de l'information pertinente sur six questions d'intérêt qui touchent l'industrie du diamant à valeur ajoutée au Canada et dans les T. N.-O.: politique commerciale, fiscalité, accès aux diamants bruts, formation, rôle des institutions financières et sécurité. Le présent rapport énonce les faits élémentaires touchant les diamants sur lesquels reposent les recommandations faites aux ministres par le Comité. Nous présentons ci-après les constations et les recommandations du Comité qui figurent dans le présent rapport.»--Page 17 de 189.</marc:subfield>
    </marc:datafield>
    <marc:datafield tag="500" ind1=" " ind2=" ">
      <marc:subfield code="a">Le n° de catalogue (R2-104/1998F) et l'ISBN (0-662-83255-8) de l'édition imprimée ont été incorrectement copiés dans l'édition électronique.</marc:subfield>
    </marc:datafield>
    <marc:datafield tag="520" ind1="3" ind2=" ">
      <marc:subfield code="a">Le Comité a étudié et compilé de l'information pertinente sur six questions d'intérêt qui touchent l'industrie du diamant à valeur ajoutée au Canada et dans les T. N.-O.: politique commerciale, fiscalité, accès aux diamants bruts, formation, rôle des institutions financières et sécurité. Le présent rapport énonce les faits élémentaires touchant les diamants sur lesquels reposent les recommandations faites aux ministres par le Comité. Nous présentons ci-après les constations et les recommandations du Comité qui figurent dans le présent rapport.--Page 17 de 189.</marc:subfield>
    </marc:datafield>
    <marc:datafield tag="590" ind1=" " ind2=" ">
      <marc:subfield code="a">13-15-Supp</marc:subfield>
      <marc:subfield code="b">2013-06-24</marc:subfield>
    </marc:datafield>
    <marc:datafield tag="691" ind1="0" ind2="7">
      <marc:subfield code="a">Industrie minière</marc:subfield>
      <marc:subfield code="2">gcpds</marc:subfield>
    </marc:datafield>
    <marc:datafield tag="775" ind1="0" ind2="8">
      <marc:subfield code="t">[The value-added aspects of the Canadian diamond industry] : </marc:subfield>
      <marc:subfield code="w">(CaOODSP)9.698059</marc:subfield>
    </marc:datafield>
    <marc:datafield tag="776" ind1="0" ind2="#">
      <marc:subfield code="t">La valeur ajoutée dans l'industrie canadienne du diamant : </marc:subfield>
      <marc:subfield code="w">(CaOODSP)9.680572</marc:subfield>
    </marc:datafield>
    <marc:datafield tag="856" ind1="4" ind2="0">
      <marc:subfield code="a">http://publications.gc.ca</marc:subfield>
      <marc:subfield code="q">PDF</marc:subfield>
      <marc:subfield code="s">2.29 Mo</marc:subfield>
      <marc:subfield code="u">https://publications.gc.ca/collections/Collection/R2-104-1998F.pdf</marc:subfield>
    </marc:datafield>
    <marc:datafield tag="986" ind1=" " ind2=" ">
      <marc:subfield code="a">QS-8587-000FF-A1</marc:subfield>
    </marc:datafield>
  </marc:record>
</marc:collection>
